00577nam a2200241Ia 450000500170000000800460001702000180006303700100008104000080009104000080009904000080010704100080011504100080012308400080013110000170013924500320015624500490018826000230023726000090026036500050026936500080027485600530028220260324122827.0008 260324s9999 xx 000 0 eng d a9780429478741 aEBOOK aCRL beng cCRL 2eng aeng qCRL aLene Auestad 0aPsychoanalysis and Politics 0bExclusion and the Politics of Representation bTaylor and Francis c2012 a b220 uhttp://www.taylorfrancis.com/books/9780429478741